What's Bigger?-World Cities - Statistics

General Stats
  • This quiz has been taken 53 times
  • The average score is 7 of 11
Answer Stats
Question Answer % Correct
Tokyo or Manila? Tokyo
95%
Beijing or Osaka? Beijing
86%
Manila or Jakarta? Jakarta
75%
Moscow or New York City? New York City
66%
Los Angeles or Tehran? Los Angeles
64%
Cairo or Lagos? Lagos
61%
Bangkok or Kolkata Bangkok
59%
Kinshasa or Karachi? Karachi
55%
Mexico City or Mumbai? Mumbai
45%
Shanghai or Delhi? Shanghai
43%
Seoul or Sao Paulo? Seoul
32%
No matching quizzes found
Score Distribution
Percent of People with Each Score
Percentile by Number Answered
Your Score History
You have not taken this quiz